| 000 | 00815cam a2200193 4500 | ||
|---|---|---|---|
| 001 | ABS64125 | ||
| 008 | 000000n2001 000 0 eng u | ||
| 035 | _a(Sirsi) u113586 | ||
| 245 | _aSpecial report: self storage | ||
| 260 | _c2001 | ||
| 490 |
_aProperty Week _v66(22) 1 June 2001, 43-52(7) |
||
| 520 | _aSpecial feature focusing on the self-storage industry with an article on the failure of self-storage companies to live up to their early promise, an investigation of quality of service among London self-storage providers and an interview with Anthony Burnett, the founder of Red Devil Storage. | ||
| 590 | _aABS | ||
| 650 | _aSELF-STORAGE | ||
| 650 | _aSELF-STORAGE COMPANIES | ||
| 650 | _aSELF-STORAGE FACILITIES | ||
| 690 | _aPROPERTY-COMMERCIAL PROPERTY-COMMERCIAL PROPERTY MARKET | ||
| 942 | _n0 | ||
| 999 |
_c67676 _d67676 |
||